A search for sovereignty: Law and Geography in european empires, 1400-1900

Wedi'i Gadw mewn:
Manylion Llyfryddiaeth
Prif Awdur: Benton, Lauren (Awdur)
Fformat: Llyfr
Iaith:Saesneg
Cyhoeddwyd: Nueva York Cambridge University Press 2010
Rhifyn:1a. ed
Pynciau:
Tagiau: Ychwanegu Tag
Dim Tagiau, Byddwch y cyntaf i dagio'r cofnod hwn!

MARC

LEADER 00000cam a2200000 a 4500
001 UCC6935
003 CL-VaPUC
008 190118e20100000us |||||||||||||||||eng|d
020 |a 9780521707435 
082 0 4 |a 341.42  |b BEN  |2 21 
100 0 |a Benton, Lauren  |e author  |9 601464 
245 1 2 |a A search for sovereignty: Law and Geography in european empires, 1400-1900 
250 |a 1a. ed 
300 |a 340 p 
942 |c BK 
945 |d 20190118 13:18:00  |a dcastane 
260 |a Nueva York  |b Cambridge University Press  |c 2010 
650 0 |a Soberanía  |9 266726 
650 7 |a IMPERIOS  |2 CL-VaPUC  |9 376543 
650 0 |a Historia de Europa   |9 376266 
650 7 |a HISTORIA DE EUROPA SIGLO 19  |2 CL-VaPUC  |9 318727 
583 |a last modification  |c 20190118 13:18:00  |k Rodrigo Vera 
999 |c 373753  |d 373751 
952 |0 0  |1 0  |3 erb  |4 0  |6 341_420000000000000_BEN_2010  |7 0  |8 A  |9 491981  |a BIBHIS  |b BIBHIS  |i 5531039  |o 341.42 BEN 2010  |p 5531039  |r 2025-01-20  |w 2019-11-24  |y BK  |z Catalogado en:20190118  |k HIS